Lubbock Preston Smith Int. Airport Destinations (Lubbock, TX, USA) - Statistics

General Stats
  • This quiz has been taken 51 times
  • The average score is 7 of 8
Answer Stats
Airline Destination % Correct
American Airlines/American Eagle Dallas/Fort Worth
100%
Southwest Airlines Dallas (Love)
100%
Southwest Airlines Houston (Hobby)
97%
United Express Houston (Intercontinental)
97%
Southwest Airlines Austin
90%
Southwest Airlines/United Express Denver
85%
Southwest Airlines Las Vegas
82%
American Eagle Phoenix (Sky Harbor)
79%
No matching quizzes found
Score Distribution
Percent of People with Each Score
Percentile by Number Answered
Your Score History
You have not taken this quiz